Millman's electronic devices and circuits / (Record no. 99377)

MARC details
000 -LEADER
fixed length control field 00760nam a22002417a 4500
005 - DATE AND TIME OF LATEST TRANSACTION
control field 20160404145841.0
010 ## - LCCN (DPL NO)
LC control number ENG-115036
020 ## - INTERNATIONAL STANDARD BOOK NUMBER
International Standard Book Number 9789339219543
Terms of availability 650.00
020 ## - INTERNATIONAL STANDARD BOOK NUMBER
International Standard Book Number 9339219546
Terms of availability 650.00
035 ## - SYSTEM CONTROL NUMBER
System control number EN-98568
037 ## - SOURCE OF ACQUISITION
Source of stock number/acquisition DBAD/PUB
082 ## - DEWEY DECIMAL CLASSIFICATION NUMBER
Classification number 621.3815
100 ## - MAIN ENTRY--PERSONAL NAME
Personal name Millman, Jacob
245 ## - TITLE STATEMENT
Title Millman's electronic devices and circuits /
Statement of responsibility, etc by Jacob Millman, Christos C Halkias [and] Satyabrata Jit
250 ## - EDITION STATEMENT
Edition statement 4th ed
260 ## - PUBLICATION, DISTRIBUTION, ETC. (IMPRINT)
Place of publication, distribution, etc New Delhi
Name of publisher, distributor, etc McGraw Hill Education
Date of publication, distribution, etc 2015
270 ## - ADDRESS
Address P-24, Green Park Extension
City New Delhi
Postal code 110016
300 ## - PHYSICAL DESCRIPTION
Extent various pagings :
Dimensions 24cm(pbk)
Other physical details ill.
500 ## - GENERAL NOTE
General note Includes index
700 ## - ADDED ENTRY--PERSONAL NAME
Personal name Halkias, Christos C.
700 ## - ADDED ENTRY--PERSONAL NAME
Personal name Jit, Satyabrata
942 ## - ADDED ENTRY ELEMENTS (KOHA)
Source of classification or shelving scheme Dewey Decimal Classification
Item type English Books
Call number suffix MIL
Classification part 621.3815
Holdings
Withdrawn status Lost status Not for loan Collection code Home library Current library Date acquired Source of acquisition Cost, normal purchase price Full call number Barcode Copy number Cost, replacement price Koha item type
      Non-fiction Ashok Vihar Ashok Vihar 26/02/2016 DBAD/PUB 650.00 621.3815 MIL EN-98568 1 650.00 English Books

© Delhi Public Library
Hit Counter
free hit counter